000 00196nam a2200109Ia 4500
100 _a#N/A
942 _cBK
245 _aPicture Perfect Tools
260 _b#N/A
546 _aENGLISH
999 _c33093
_d33093